[Event "VI Open Internacional Memorial Pedro Lez"]
[Site "Ateneo Municipal de Vecindario"]
[Date "2013.03.25"]
[Round "1"]
[White "Ruiz Delgado, Basilio"]
[Black "Larino Nieto, David"]
[Result "0-1"]
[WhiteElo "1715"]
[BlackElo "2508"]
[PlyCount "64"]
[EventDate "2013.03.25"]
[EventRounds "9"]
[EventCountry "ESP"]

1. d4 Nf6 2. c4 e6 3. Nc3 d5 4. Bg5 Be7 5. e3 Nbd7 6. Nf3 h6 7. Bh4 b6 8. Bd3
Bb7 9. O-O a6 10. Qe2 g5 11. Bg3 Ne4 12. Bxe4 dxe4 13. Ne5 h5 14. d5 Nxe5 15.
Bxe5 f6 16. dxe6 fxe5 17. Rad1 Bd6 18. Nd5 g4 19. Qc2 O-O 20. Qxe4 Qg5 21. Qd3
Rae8 22. e7 Rf7 23. Nxb6 e4 24. Qb3 h4 25. Nd7 Bc6 26. c5 Bxe7 27. Nb8 Bb5 28.
Rd5 Qg6 29. Nd7 Bxf1 30. Ne5 Qf6 31. Nxf7 Qxf7 32. Kxf1 Rf8 0-1

[Event "VI Open Internacional Memorial Pedro Lez"]
[Site "Ateneo Municipal de Vecindario"]
[Date "2013.03.25"]
[Round "1"]
[White "Barlov, Dragan"]
[Black "Santana Rodriguez, Jose Raul"]
[Result "1-0"]
[WhiteElo "2454"]
[BlackElo "1693"]
[PlyCount "85"]
[EventDate "2013.03.25"]
[EventRounds "9"]
[EventCountry "ESP"]

1. c4 Nf6 2. Nf3 e6 3. Nc3 d5 4. d4 Bb4 5. cxd5 exd5 6. Qa4+ Nc6 7. Bg5 Qd6 8.
Nd2 a6 9. e3 Bd7 10. Qc2 Qe6 11. Be2 O-O 12. a3 Bxc3 13. Qxc3 Rac8 14. O-O Ne7
15. Qb4 Rb8 16. Bf4 Rfc8 17. Rfc1 Ne8 18. Nb3 Nc6 19. Qe1 Qe7 20. Bf3 Be6 21.
Nc5 Nd6 22. Nxa6 bxa6 23. Rxc6 Rxb2 24. Bxd6 cxd6 25. Rxc8+ Bxc8 26. Qc1 Rb8
27. Bxd5 Be6 28. Bf3 g6 29. h3 Rc8 30. Qd2 Qc7 31. Rb1 Rb8 32. Rc1 Qb6 33. Be4
d5 34. Bf3 Qd6 35. Qa5 Rb3 36. a4 Qa3 37. Qc5 Qb4 38. Bxd5 Bxd5 39. Qxd5 Qxa4
40. Rc8+ Kg7 41. Qe5+ Kh6 42. Rc7 Rb5 43. Qf4+ 1-0

[Event "VI Open Internacional Memorial Pedro Lez"]
[Site "Ateneo Municipal de Vecindario"]
[Date "2013.03.25"]
[Round "1"]
[White "Ramirez Maillo, Juan Adonay"]
[Black "Brochet, Philippe"]
[Result "0-1"]
[WhiteElo "1654"]
[BlackElo "2396"]
[PlyCount "62"]
[EventDate "2013.03.25"]
[EventRounds "9"]
[EventCountry "ESP"]

1. e4 c5 2. c3 b6 3. d4 Bb7 4. Bd3 Nf6 5. Qe2 cxd4 6. cxd4 Nc6 7. Nf3 Nb4 8.
Nc3 Nxd3+ 9. Qxd3 e6 10. O-O Rc8 11. h3 d5 12. e5 Ne4 13. Nd2 Nxc3 14. bxc3 Qc7
15. Bb2 Be7 16. Rac1 O-O 17. f4 f5 18. exf6 Rxf6 19. g3 Rh6 20. Kg2 Qd7 21. f5
Qa4 22. Qc2 Qxc2 23. Rxc2 Ba6 24. c4 dxc4 25. Re1 Bb7+ 26. Kh2 Bd5 27. Nf1 Bb4
28. Re5 Bd6 29. Re1 exf5 30. Ne3 Re8 31. Rcc1 Rhe6 0-1

[Event "VI Open Internacional Memorial Pedro Lez"]
[Site "Ateneo Municipal de Vecindario"]
[Date "2013.03.25"]
[Round "1"]
[White "Bergez, Luc"]
[Black "Guedes Lopez, Mario"]
[Result "1-0"]
[WhiteElo "2375"]
[BlackElo "1619"]
[PlyCount "53"]
[EventDate "2013.03.25"]
[EventRounds "9"]
[EventCountry "ESP"]

1. e4 e5 2. Nf3 Nc6 3. Bc4 Bc5 4. O-O Nf6 5. d4 Nxd4 6. Nxe5 O-O 7. Be3 d6 8.
Nxf7 Rxf7 9. Bxf7+ Kxf7 10. Bxd4 Bxd4 11. Qxd4 Be6 12. Nc3 c5 13. Qd3 Qd7 14.
Rad1 Rd8 15. Rfe1 Kg8 16. e5 dxe5 17. Rxe5 Qxd3 18. Rxd3 Re8 19. Rde3 Kf7 20.
Rxc5 Re7 21. h3 Rd7 22. b3 b6 23. Rce5 Re7 24. Nb5 Nd7 25. Rf3+ Ke8 26. Nc7+
Kd8 27. Rxe6 1-0

[Event "VI Open Internacional Memorial Pedro Lez"]
[Site "Ateneo Municipal de Vecindario"]
[Date "2013.03.25"]
[Round "1"]
[White "Sanchez Ramirez, Gustavo"]
[Black "Gutierrez Olivares, Daniel"]
[Result "0-1"]
[WhiteElo "1607"]
[BlackElo "2367"]
[PlyCount "72"]
[EventDate "2013.03.25"]
[EventRounds "9"]
[EventCountry "ESP"]

1. e4 e6 2. d4 d5 3. exd5 exd5 4. Nf3 Bd6 5. Nc3 c6 6. Be3 Ne7 7. Bd3 Nf5 8.
O-O O-O 9. Qd2 Nxe3 10. fxe3 f5 11. Qf2 Nd7 12. Ne2 Nf6 13. Qh4 Ng4 14. Qxd8
Rxd8 15. Nh4 Bxh2+ 16. Kh1 Bd6 17. Nxf5 Bxf5 18. Bxf5 Nxe3 19. Be6+ Kh8 20. Rf7
Re8 21. Bd7 Rf8 22. Rxf8+ Rxf8 23. c3 Rf2 24. Re1 Nxg2 25. Rg1 Nh4 26. Ng3 Nf3
27. Rg2 Bxg3 28. Rxf2 Bxf2 29. Kg2 Nxd4 30. Kxf2 Nb5 31. Ke3 Kg8 32. Bc8 Nd6
33. Be6+ Kf8 34. Kd4 Ke7 35. Bh3 h5 36. b3 g5 0-1

[Event "VI Open Internacional Memorial Pedro Lez"]
[Site "Ateneo Municipal de Vecindario"]
[Date "2013.03.25"]
[Round "1"]
[White "Vega Gutierrez, Sabrina"]
[Black "Suarez Ramirez, Jonay"]
[Result "1-0"]
[WhiteElo "2364"]
[BlackElo "1600"]
[PlyCount "65"]
[EventDate "2013.03.25"]
[EventRounds "9"]
[EventCountry "ESP"]

1. e4 c5 2. Nf3 Nc6 3. d4 cxd4 4. Nxd4 g6 5. Nc3 Bg7 6. Nb3 Nf6 7. Bc4 O-O 8.
O-O d6 9. Re1 Bg4 10. f3 Bd7 11. Bf1 Rc8 12. Nd5 Ne5 13. a4 Nxd5 14. exd5 Nc4
15. c3 Re8 16. Kh1 Qb6 17. Re4 Ne5 18. Be3 Qc7 19. Rb4 b6 20. a5 Rb8 21. axb6
axb6 22. Be2 b5 23. Ra7 Rb7 24. Rxb7 Qxb7 25. f4 Ng4 26. Bxg4 Bxg4 27. Qxg4
Qxd5 28. Qd7 Rb8 29. Qxe7 Qd3 30. Bg1 Ra8 31. Qb7 Ra2 32. Qc8+ Bf8 33. Nc1 1-0

[Event "VI Open Internacional Memorial Pedro Lez"]
[Site "Ateneo Municipal de Vecindario"]
[Date "2013.03.25"]
[Round "1"]
[White "Brito Garcia, Alfredo"]
[Black "Monteiro Rodrigues, Carlos"]
[Result "1-0"]
[WhiteElo "2313"]
[BlackElo "1570"]
[PlyCount "47"]
[EventDate "2013.03.25"]
[EventRounds "9"]
[EventCountry "ESP"]

1. c4 Nf6 2. Nf3 Nc6 3. d4 e6 4. Nc3 Bb4 5. Bg5 h6 6. Bd2 d5 7. e3 Bxc3 8. Bxc3
O-O 9. Bd3 Re8 10. Qc2 dxc4 11. Bxc4 Nd5 12. O-O Nxc3 13. Qxc3 Ne7 14. Ne5 c6
15. e4 Qc7 16. Rac1 Rd8 17. Rfd1 Qb6 18. Rd3 Rd6 19. Bb3 Qd8 20. Rcd1 Qe8 21.
Rg3 Kh8 22. Qf3 f6 23. Ng4 Ng8 24. e5 1-0

[Event "VI Open Internacional Memorial Pedro Lez"]
[Site "Ateneo Municipal de Vecindario"]
[Date "2013.03.25"]
[Round "1"]
[White "Aleman Alamo, Nicolas"]
[Black "Martinez Ramirez, Erik"]
[Result "0-1"]
[WhiteElo "1558"]
[BlackElo "2302"]
[PlyCount "112"]
[EventDate "2013.03.25"]
[EventRounds "9"]
[EventCountry "ESP"]

1. d4 Nf6 2. c4 g6 3. Nc3 d5 4. Nf3 Bg7 5. Bf4 O-O 6. e3 c5 7. cxd5 Nxd5 8.
Nxd5 Qxd5 9. Be2 Nc6 10. dxc5 Qxc5 11. Qc1 Qb4+ 12. Qd2 Bxb2 13. Rb1 Bc3 14.
Rxb4 Bxb4 15. Qxb4 Nxb4 16. Bc4 Bf5 17. O-O Bd3 18. Bxd3 Nxd3 19. Bg3 Rac8 20.
Bh4 f6 21. g4 g5 22. Bg3 Nc1 23. h4 h6 24. Nd4 Kf7 25. Kg2 a6 26. Nf5 gxh4 27.
Bxh4 Nxa2 28. Nxh6+ Kg6 29. Nf5 Rc7 30. Bg3 Rd7 31. Rh1 e6 32. Nd4 Rxd4 33.
exd4 Rd8 34. Rd1 Nc3 35. Rd3 Nb5 36. f4 Rxd4 37. Re3 Kf7 38. Kf3 Nd6 39. Bf2
Rc4 40. Rd3 Ke7 41. Bh4 Nb5 42. g5 Nd4+ 43. Kg4 fxg5 44. Bxg5+ Kf7 45. Rh3 b5
46. Rh7+ Kg6 47. Rh6+ Kg7 48. Kh5 b4 49. Bf6+ Kf7 50. Be5 Nc6 51. Rh7+ Ke8 52.
Rh8+ Kd7 53. Rh7+ Kc8 54. Rc7+ Kd8 55. Rg7 Nxe5 56. fxe5 b3 0-1

[Event "VI Open Internacional Memorial Pedro Lez"]
[Site "Ateneo Municipal de Vecindario"]
[Date "2013.03.25"]
[Round "1"]
[White "Baez Ruiz, Victor"]
[Black "Bressac, Stephane"]
[Result "0-1"]
[WhiteElo "1552"]
[BlackElo "2284"]
[PlyCount "50"]
[EventDate "2013.03.25"]
[EventRounds "9"]
[EventCountry "ESP"]

1. e4 c5 2. Nf3 Nc6 3. d4 cxd4 4. Nxd4 g6 5. Nc3 Bg7 6. Be3 Nf6 7. f3 O-O 8.
Qd2 d5 9. exd5 Nxd5 10. Nxc6 bxc6 11. Bh6 Bxh6 12. Qxh6 Nxc3 13. bxc3 Qa5 14.
Qe3 Rd8 15. Bc4 Ba6 16. Bxa6 Qxa6 17. Kf2 Qc4 18. Rhb1 Rab8 19. Rb3 e6 20. Rab1
Rb5 21. Qe2 Qxe2+ 22. Kxe2 Re5+ 23. Kf1 Rd2 24. Re1 Rxe1+ 25. Kxe1 Rxc2 0-1

[Event "VI Open Internacional Memorial Pedro Lez"]
[Site "Ateneo Municipal de Vecindario"]
[Date "2013.03.25"]
[Round "1"]
[White "Espinoza Palomino, Willyam"]
[Black "Biscarri Candalia, Oscar"]
[Result "1-0"]
[WhiteElo "2284"]
[BlackElo "1537"]
[PlyCount "85"]
[EventDate "2013.03.25"]
[EventRounds "9"]
[EventCountry "ESP"]

1. e4 c5 2. Nf3 d6 3. d4 cxd4 4. Nxd4 Nf6 5. Nc3 g6 6. Be3 Bg7 7. f3 O-O 8. Qd2
Nc6 9. Bc4 Nxd4 10. Bxd4 Be6 11. Bb3 Qa5 12. O-O-O Rac8 13. Kb1 Rc6 14. Rhe1
Bxb3 15. cxb3 e6 16. g4 Rfc8 17. h4 e5 18. Be3 d5 19. Nxd5 Qxd2 20. Rxd2 Kf8
21. Nb4 R6c7 22. Red1 b6 23. Nc2 Ke7 24. Na3 Rd7 25. Nc4 Rxd2 26. Bxd2 Ne8 27.
Bb4+ Ke6 28. Rd5 f6 29. Nd6 Rd8 30. Nxe8 Rxe8 31. Rd6+ Kf7 32. Rd7+ Kg8 33.
Rxa7 Bh6 34. Rd7 Rc8 35. Bc3 Be3 36. a4 Bf2 37. h5 gxh5 38. gxh5 Be3 39. b4 Ra8
40. a5 h6 41. Kc2 Rb8 42. Kd3 Bc1 43. a6 1-0

[Event "VI Open Internacional Memorial Pedro Lez"]
[Site "Ateneo Municipal de Vecindario"]
[Date "2013.03.25"]
[Round "1"]
[White "Diaz Hernandez, Francisco Javi"]
[Black "Robin, Samy"]
[Result "0-1"]
[WhiteElo "1534"]
[BlackElo "2254"]
[PlyCount "32"]
[EventDate "2013.03.25"]
[EventRounds "9"]
[EventCountry "ESP"]

1. g3 e5 2. Bg2 g6 3. c4 Bg7 4. Nc3 Ne7 5. d3 O-O 6. Nf3 c6 7. Qb3 d5 8. cxd5
cxd5 9. Nd2 d4 10. Bxb7 dxc3 11. Bxa8 cxd2+ 12. Bxd2 Nbc6 13. Bb4 Be6 14. Bxe7
Nxe7 15. Qa3 Qxa8 16. O-O Bh3 0-1

[Event "VI Open Internacional Memorial Pedro Lez"]
[Site "Ateneo Municipal de Vecindario"]
[Date "2013.03.25"]
[Round "1"]
[White "Herrera Reyes, Jose Antonio"]
[Black "Quevedo Sarmiento, Jacinto"]
[Result "1-0"]
[WhiteElo "2252"]
[BlackElo "1532"]
[PlyCount "65"]
[EventDate "2013.03.25"]
[EventRounds "9"]
[EventCountry "ESP"]

1. e4 c5 2. Nf3 Nc6 3. c3 g6 4. Be2 Bg7 5. O-O d6 6. d4 cxd4 7. cxd4 Nf6 8. Nc3
a6 9. h3 O-O 10. Bg5 h6 11. Be3 e5 12. Qd2 Kh7 13. Rfd1 Qa5 14. a3 exd4 15.
Nxd4 Rd8 16. b4 Qc7 17. Rac1 Qe7 18. Bf3 Ne5 19. Be2 Be6 20. Nxe6 fxe6 21. f4
Nf7 22. Bf3 Rac8 23. g4 Ne8 24. Bb6 Rd7 25. f5 gxf5 26. exf5 Rxc3 27. Rxc3 Bxc3
28. Qxc3 e5 29. Bd5 Nf6 30. Be6 Ne4 31. Qd3 Nf6 32. Bxd7 Nxd7 33. f6+ 1-0

[Event "VI Open Internacional Memorial Pedro Lez"]
[Site "Ateneo Municipal de Vecindario"]
[Date "2013.03.25"]
[Round "1"]
[White "Morales Sanchez, Domingo"]
[Black "Alvarado Diaz, Alejandro"]
[Result "0-1"]
[WhiteElo "1471"]
[BlackElo "2251"]
[PlyCount "62"]
[EventDate "2013.03.25"]
[EventRounds "9"]
[EventCountry "ESP"]

1. c4 g6 2. Nf3 Bg7 3. d4 c5 4. d5 b5 5. cxb5 a6 6. Nc3 axb5 7. g3 d6 8. Nxb5
Ba6 9. Nc3 Nf6 10. Bg2 Nbd7 11. O-O Nb6 12. Re1 O-O 13. Rb1 Bc4 14. a3 Nfxd5
15. Nxd5 Bxd5 16. e4 Bb7 17. b3 Ra7 18. Qc2 Qa8 19. Nd2 Rc8 20. Nc4 Nxc4 21.
Qxc4 Ba6 22. Qc2 Qb8 23. Bb2 Bxb2 24. Rxb2 Qb6 25. Reb1 Qa5 26. Ra2 Bb5 27.
Rba1 Bd7 28. Qb2 Be6 29. Rb1 Rb8 30. Qc2 Rab7 31. Rab2 Qxa3 0-1

[Event "VI Open Internacional Memorial Pedro Lez"]
[Site "Ateneo Municipal de Vecindario"]
[Date "2013.03.25"]
[Round "1"]
[White "De La Cruz Sanchez, Carlos G"]
[Black "Diaz Martin, Cristina"]
[Result "1-0"]
[WhiteElo "2242"]
[BlackElo "1471"]
[PlyCount "79"]
[EventDate "2013.03.25"]
[EventRounds "9"]
[EventCountry "ESP"]

1. Nf3 Nf6 2. c4 e6 3. Nc3 d5 4. d4 c5 5. cxd5 exd5 6. g3 c4 7. Bg2 Nc6 8. O-O
Bb4 9. Bg5 Bxc3 10. bxc3 h6 11. Bxf6 Qxf6 12. Nd2 Be6 13. e4 Rd8 14. exd5 Bxd5
15. Bxd5 Rxd5 16. Re1+ Ne7 17. Qa4+ Qc6 18. Qxa7 Rd7 19. Qb8+ Rd8 20. Qe5 Qf6
21. Qb5+ Qc6 22. Qb4 Qc7 23. Nxc4 f6 24. Rab1 Rd7 25. Nb6 Rd8 26. Na4 Rb8 27.
Nc5 Kf7 28. Qc4+ Kg6 29. Re6 Rhd8 30. Rbe1 Nd5 31. Qd3+ Kf7 32. c4 Nb4 33. Qf5
Nc6 34. Rxf6+ Kg8 35. Qe6+ Kh7 36. Rf7 Qc8 37. Qe4+ Kh8 38. Qg6 Rg8 39. Ne6 Qe8
40. Ng5 1-0

[Event "VI Open Internacional Memorial Pedro Lez"]
[Site "Ateneo Municipal de Vecindario"]
[Date "2013.03.25"]
[Round "1"]
[White "Suarez Buceta, Melquiades"]
[Black "Rodriguez Ferraz, Borja"]
[Result "0-1"]
[WhiteElo "1450"]
[BlackElo "2196"]
[PlyCount "59"]
[EventDate "2013.03.25"]
[EventRounds "9"]
[EventCountry "ESP"]

1. c4 Nf6 2. Nc3 e6 3. d4 Bb4 4. Qc2 c5 5. a3 Bxc3+ 6. Qxc3 cxd4 7. Qxd4 Nc6 8.
Qd1 O-O 9. Nf3 Ne4 10. Bf4 Qb6 11. e3 e5 12. Bg3 Qxb2 13. Qc1 Qxc1+ 14. Rxc1 d6
15. Bd3 Nxg3 16. hxg3 f5 17. Bb1 h6 18. Ke2 Be6 19. c5 d5 20. Ba2 e4 21. Nd4
Nxd4+ 22. exd4 Rac8 23. Rc2 Rc7 24. Rhc1 g5 25. c6 Rfc8 26. Kd2 Rxc6 27. Rc5
Rxc5 28. Rxc5 Rxc5 29. dxc5 Kf7 30. Ke3 0-1

[Event "VI Open Internacional Memorial Pedro Lez"]
[Site "Ateneo Municipal de Vecindario"]
[Date "2013.03.25"]
[Round "1"]
[White "Vega Gutierrez, Belinda"]
[Black "Fernandez Arce, Aketza"]
[Result "1-0"]
[WhiteElo "2190"]
[BlackElo "1437"]
[PlyCount "51"]
[EventDate "2013.03.25"]
[EventRounds "9"]
[EventCountry "ESP"]

1. e4 e6 2. d4 d5 3. e5 c5 4. Qg4 Qb6 5. Nf3 Nh6 6. Qf4 Nf5 7. Bd3 Nxd4 8. Nxd4
cxd4 9. O-O Nc6 10. Nd2 Bd7 11. Nf3 O-O-O 12. Qxf7 g6 13. a3 Qc7 14. Re1 Ne7
15. Bg5 Re8 16. Bf6 Rg8 17. Qxh7 Bc6 18. Nxd4 Qb6 19. Nxe6 Bd7 20. Nxf8 Rgxf8
21. c4 Bc6 22. b4 dxc4 23. Bxc4 Nf5 24. b5 Bxb5 25. Reb1 a6 26. a4 1-0

[Event "VI Open Internacional Memorial Pedro Lez"]
[Site "Ateneo Municipal de Vecindario"]
[Date "2013.03.25"]
[Round "1"]
[White "Menvielle Laccourreye, Augusto"]
[Black "Amador Garcia, Ismael"]
[Result "1-0"]
[WhiteElo "2150"]
[BlackElo "1418"]
[PlyCount "79"]
[EventDate "2013.03.25"]
[EventRounds "9"]
[EventCountry "ESP"]

1. e4 c5 2. Nf3 d6 3. d4 cxd4 4. Nxd4 Nf6 5. Nc3 g6 6. Be3 Bg7 7. f3 O-O 8. Qd2
Nc6 9. g4 Bd7 10. O-O-O Rb8 11. h4 h5 12. g5 Ne8 13. f4 Nxd4 14. Bxd4 e6 15.
Bxa7 Rc8 16. Bd4 Qa5 17. Kb1 e5 18. fxe5 Bxe5 19. Bxe5 Qxe5 20. Qd5 Bc6 21.
Qxe5 dxe5 22. Bh3 Rb8 23. Bd7 Ng7 24. Nd5 Bxd5 25. Rxd5 Rfd8 26. Rhd1 b6 27.
Rxe5 Rb7 28. Red5 Rc7 29. R1d4 Rc5 30. b4 Rc3 31. Kb2 Rc7 32. Kb3 Ne8 33. Bxe8
Rxe8 34. Rd8 Rce7 35. Rxe8+ Rxe8 36. a4 Kf8 37. c4 Rc8 38. Rd6 Rb8 39. b5 Rb7
40. Kb4 1-0

[Event "VI Open Internacional Memorial Pedro Lez"]
[Site "Ateneo Municipal de Vecindario"]
[Date "2013.03.25"]
[Round "1"]
[White "Sanabria Taskila, Daniel Krist"]
[Black "Acosta Sosa, Juan Manuel"]
[Result "0-1"]
[WhiteElo "1410"]
[BlackElo "2150"]
[PlyCount "74"]
[EventDate "2013.03.25"]
[EventRounds "9"]
[EventCountry "ESP"]

1. e4 c5 2. Nf3 Nc6 3. Bb5 g6 4. O-O Bg7 5. Re1 Nd4 6. Nxd4 cxd4 7. d3 e6 8.
Bf4 Ne7 9. Nd2 O-O 10. Ba4 a6 11. Bb3 d6 12. a4 Nc6 13. Nc4 e5 14. Bg3 Be6 15.
Nd2 Bxb3 16. Nxb3 Rc8 17. Qd2 f5 18. f4 fxe4 19. dxe4 Qb6 20. a5 Qb5 21. Rac1
Bh6 22. Rf1 Nb4 23. Qd1 Rc7 24. Rf3 Rfc8 25. c3 dxc3 26. Rcxc3 Rc6 27. Rxc6
Nxc6 28. Rf2 Nd4 29. Nxd4 exd4 30. Qa1 d3 31. Qa2+ Kh8 32. Qb1 Bg7 33. e5 dxe5
34. fxe5 Bh6 35. Bf4 Bxf4 36. Rxf4 Qc5+ 37. Rf2 Qc1+ 0-1

[Event "VI Open Internacional Memorial Pedro Lez"]
[Site "Ateneo Municipal de Vecindario"]
[Date "2013.03.25"]
[Round "1"]
[White "Sarmiento Afonso, Santiago"]
[Black "Ramirez Hernandez, Jose Isidro"]
[Result "1-0"]
[WhiteElo "2141"]
[BlackElo "1404"]
[PlyCount "37"]
[EventDate "2013.03.25"]
[EventRounds "9"]
[EventCountry "ESP"]

1. e4 c5 2. Nf3 Nc6 3. Bb5 Qc7 4. O-O e6 5. Re1 Nf6 6. e5 Nd5 7. Bxc6 Qxc6 8.
c4 Ne7 9. d4 cxd4 10. Nxd4 Qxc4 11. Na3 Qa6 12. Nab5 Nd5 13. Qg4 h5 14. Qg5 g6
15. Qh4 Be7 16. Bg5 Bxg5 17. Qxg5 O-O 18. Qh6 Qa5 19. Nf3 1-0

[Event "VI Open Internacional Memorial Pedro Lez"]
[Site "Ateneo Municipal de Vecindario"]
[Date "2013.03.25"]
[Round "1"]
[White "Haarkotter Martin, Michael"]
[Black "Capote Robayna, Nathaniel"]
[Result "0-1"]
[WhiteElo "1396"]
[BlackElo "2073"]
[PlyCount "46"]
[EventDate "2013.03.25"]
[EventRounds "9"]
[EventCountry "ESP"]

1. e4 e6 2. Nf3 d5 3. exd5 exd5 4. d4 Bd6 5. Nc3 Ne7 6. Nb5 Bg4 7. Nxd6+ Qxd6
8. Be2 Nbc6 9. c3 f6 10. O-O O-O-O 11. h3 Bd7 12. Nh2 Nf5 13. Bg4 Nce7 14. Qf3
g5 15. Re1 Kb8 16. Qe2 Ng6 17. Bd2 Ngh4 18. Bxf5 Nxf5 19. Ng4 h5 20. Nh2 Rdg8
21. g4 hxg4 22. Nxg4 Rxh3 23. Qf1 Rgh8 0-1

[Event "VI Open Internacional Memorial Pedro Lez"]
[Site "Ateneo Municipal de Vecindario"]
[Date "2013.03.25"]
[Round "1"]
[White "Uta, Adeline-Ramona"]
[Black "Diaz Martin, Carolina"]
[Result "1-0"]
[WhiteElo "2053"]
[BlackElo "1393"]
[PlyCount "69"]
[EventDate "2013.03.25"]
[EventRounds "9"]
[EventCountry "ESP"]

1. e4 e5 2. Nf3 Nc6 3. Bc4 Nf6 4. d3 Bc5 5. O-O d6 6. c3 Bb6 7. Re1 O-O 8. Nbd2
Ne7 9. d4 Ng6 10. a4 a5 11. Qc2 Re8 12. dxe5 dxe5 13. Nf1 Qe7 14. Be3 Bxe3 15.
Nxe3 Qc5 16. Qb3 Rf8 17. Nd5 Nxd5 18. exd5 Qe7 19. Re3 Kh8 20. Rae1 f6 21. g3
b6 22. Bd3 Qd6 23. c4 Bd7 24. Qc2 Be8 25. h4 Rg8 26. Kg2 Nf8 27. Nd2 Qe7 28. f4
Ng6 29. h5 Nf8 30. fxe5 Bxh5 31. e6 Re8 32. Rh1 Bg6 33. Bxg6 Nxg6 34. Qxg6 h6
35. Re4 1-0

[Event "VI Open Internacional Memorial Pedro Lez"]
[Site "Ateneo Municipal de Vecindario"]
[Date "2013.03.25"]
[Round "1"]
[White "Agejas Garcia, Diego"]
[Black "Lopez Colon, Francisco"]
[Result "0-1"]
[WhiteElo "1378"]
[BlackElo "2045"]
[PlyCount "39"]
[EventDate "2013.03.25"]
[EventRounds "9"]
[EventCountry "ESP"]

1. d4 c5 2. e3 Nf6 3. Bd3 d5 4. b3 Bg4 5. Nf3 Nc6 6. Bb2 cxd4 7. exd4 Qa5+ 8.
Bc3 Qb6 9. Be2 Ne4 10. Bb2 e6 11. Nbd2 Bb4 12. O-O Bc3 13. Qc1 Bxb2 14. Qxb2
Nxd2 15. Nxd2 Bxe2 16. Rfe1 Bh5 17. c4 Qxd4 18. Qxd4 Nxd4 19. cxd5 Nc2 20. dxe6
0-1

[Event "VI Open Internacional Memorial Pedro Lez"]
[Site "Ateneo Municipal de Vecindario"]
[Date "2013.03.25"]
[Round "1"]
[White "Cruz Gomez, Isidro"]
[Black "Garcia Cruz, Jose Manuel"]
[Result "1-0"]
[WhiteElo "2025"]
[BlackElo "1368"]
[PlyCount "77"]
[EventDate "2013.03.25"]
[EventRounds "9"]
[EventCountry "ESP"]

1. d4 Nf6 2. Nf3 g6 3. c4 d5 4. g3 Bg7 5. Bg2 b6 6. O-O Bb7 7. Qa4+ Bc6 8. Qc2
O-O 9. Ne5 Bb7 10. Nc3 c6 11. cxd5 cxd5 12. Bg5 Nc6 13. Nxc6 Bxc6 14. Qd2 a6
15. Rac1 Rc8 16. Bh3 Bd7 17. Bg2 e6 18. e4 Qe8 19. e5 Ng4 20. Qe2 Nh6 21. Qxa6
Rb8 22. Qd3 b5 23. a3 b4 24. axb4 Rxb4 25. Qd2 Nf5 26. Ne2 Qb8 27. Rb1 Qb6 28.
g4 Nxd4 29. Be7 Nxe2+ 30. Qxe2 Bb5 31. Qd2 Rd4 32. Qc3 Rc4 33. Qg3 Rfc8 34.
Rfe1 Rc2 35. b4 R8c3 36. Qh4 Qd4 37. Bc5 Qc4 38. Qd8+ Bf8 39. Qxf8# 1-0

[Event "VI Open Internacional Memorial Pedro Lez"]
[Site "Ateneo Municipal de Vecindario"]
[Date "2013.03.25"]
[Round "1"]
[White "Sanabria Taskila, Jenny Maria"]
[Black "Cruz Pino, Adrian"]
[Result "0-1"]
[WhiteElo "1270"]
[BlackElo "1986"]
[PlyCount "82"]
[EventDate "2013.03.25"]
[EventRounds "9"]
[EventCountry "ESP"]

1. e4 c5 2. Nf3 d6 3. d4 cxd4 4. Nxd4 Nf6 5. Nc3 g6 6. Be3 a6 7. f3 Bg7 8. Qd2
h5 9. O-O-O Bd7 10. h4 Nc6 11. Bc4 Rc8 12. Bb3 Ne5 13. Rdg1 Nc4 14. Bxc4 Rxc4
15. g4 hxg4 16. fxg4 Nxg4 17. Qd3 Nxe3 18. Qxe3 Rxd4 19. h5 Bh6 20. Qxh6 Rxh6
21. hxg6 Rxh1 22. Rxh1 fxg6 23. Rh8+ Kf7 24. Rxd8 Bc6 25. e5 dxe5 26. Rxd4 exd4
27. Ne2 e5 28. Kd2 Kf6 29. Kd3 Bb5+ 30. c4 dxc3+ 31. Kxc3 Bxe2 32. Kd2 Bc4 33.
a3 b5 34. Ke3 Kf5 35. Kf3 e4+ 36. Ke3 g5 37. Kf2 Kf4 38. b3 Bxb3 39. a4 bxa4
40. Ke2 a3 41. Kf2 a2 0-1

[Event "VI Open Internacional Memorial Pedro Lez"]
[Site "Ateneo Municipal de Vecindario"]
[Date "2013.03.25"]
[Round "1"]
[White "Marrero Cardenes, Agustin"]
[Black "Garcia Lorenzo, Jaime"]
[Result "1-0"]
[WhiteElo "1959"]
[BlackElo "1265"]
[PlyCount "67"]
[EventDate "2013.03.25"]
[EventRounds "9"]
[EventCountry "ESP"]

1. d4 d5 2. c4 e6 3. Nf3 Nd7 4. Nc3 c6 5. e3 Ngf6 6. Qc2 Qc7 7. Be2 Bb4 8. O-O
O-O 9. Bd2 Bd6 10. Rac1 b6 11. cxd5 exd5 12. Nb5 cxb5 13. Qxc7 Bxc7 14. Rxc7
Re8 15. Bxb5 a6 16. Bc6 Rb8 17. Ne5 Re7 18. Bb4 Ne8 19. Bxe7 Nxc7 20. Bd6 Bb7
21. Nxd7 Rd8 22. Bxc7 Rc8 23. Bxb7 Rxc7 24. Nf6+ gxf6 25. Bxd5 a5 26. g3 f5 27.
Rd1 b5 28. e4 Rd7 29. Bc6 Rd6 30. Bxb5 fxe4 31. d5 f5 32. Rd4 Rb6 33. d6 Rxb5
34. d7 1-0

[Event "VI Open Internacional Memorial Pedro Lez"]
[Site "Ateneo Municipal de Vecindario"]
[Date "2013.03.26"]
[Round "2"]
[White "Lopez Colon, Francisco"]
[Black "Kurajica, Bojan"]
[Result "1/2-1/2"]
[WhiteElo "2045"]
[BlackElo "2539"]
[PlyCount "56"]
[EventDate "2013.03.25"]
[EventRounds "9"]
[EventCountry "ESP"]

1. d4 Nf6 2. Nf3 e6 3. Bg5 h6 4. Bxf6 Qxf6 5. e4 d6 6. Nc3 a6 7. Bd3 g5 8. h3
Nd7 9. Qd2 c5 10. d5 b5 11. O-O Bg7 12. dxe6 fxe6 13. e5 Nxe5 14. Nxe5 Qxe5 15.
Rae1 Qf4 16. Bg6+ Kd8 17. Re3 Kc7 18. Ne4 Kc6 19. Nxd6 Bd4 20. Be4+ Kc7 21.
Bxa8 Qxd6 22. Rd3 Kb8 23. Bf3 e5 24. c3 c4 25. Re3 Bc5 26. Qxd6+ Bxd6 27. Rd1
Kc7 28. Be4 g4 1/2-1/2

[Event "VI Open Internacional Memorial Pedro Lez"]
[Site "Ateneo Municipal de Vecindario"]
[Date "2013.03.26"]
[Round "2"]
[White "Larino Nieto, David"]
[Black "Uta, Adeline-Ramona"]
[Result "1-0"]
[WhiteElo "2508"]
[BlackElo "2053"]
[PlyCount "81"]
[EventDate "2013.03.25"]
[EventRounds "9"]
[EventCountry "ESP"]

1. b3 c5 2. Bb2 Nc6 3. f4 d5 4. Nf3 Nf6 5. g3 e6 6. Bg2 Be7 7. O-O O-O 8. e3 b6
9. Ne5 Bb7 10. d3 Rc8 11. Nxc6 Bxc6 12. g4 Nd7 13. g5 e5 14. Rf3 d4 15. Rh3
Bxg2 16. Kxg2 g6 17. Qg4 f5 18. Qf3 Nb8 19. Na3 Nc6 20. Re1 dxe3 21. Qxe3 Qd5+
22. Kg1 c4 23. bxc4 Qd8 24. Kg2 Bc5 25. Qe2 Re8 26. fxe5 Qxg5+ 27. Rg3 Qe7 28.
Nb1 Nd4 29. Bxd4 Qb7+ 30. Qf3 Qxf3+ 31. Rxf3 Bxd4 32. c3 Rxe5 33. Rd1 Be3 34.
d4 Ree8 35. Na3 a6 36. h3 Bg5 37. Rb1 Re2+ 38. Rf2 Rxf2+ 39. Kxf2 Be7 40. Nc2
Rxc4 41. Rb3 $138 1-0